[Event "Popayan Yeika op 1st"]
[Site "Popayan"]
[Date "2024.10.12"]
[Round "3"]
[White "Manzano Munoz, Alejandro"]
[Black "Vasquez, Diego"]
[Result "1/2-1/2"]
[WhiteElo "1445"]
[BlackElo "1625"]
[PlyCount "129"]
[EventDate "2024.10.11"]
[EventType "swiss"]
[EventRounds "7"]
[EventCountry "COL"]
[SourceTitle "CB43_2024"]
[Source "Chessbase"]
[SourceDate "2024.10.23"]
[SourceVersion "1"]
[SourceVersionDate "2024.10.23"]
[SourceQuality "1"]

1. e4 c5 2. Nf3 d6 3. d4 cxd4 4. Nxd4 Nf6 5. Nc3 a6 6. Bd3 g6 7. 0-0 Bg7 8. h3 0-0 9. Re1 b5 10. a3 Bb7 11. Be3 Nbd7 12. Qd2 Re8 13. Bh6 Bh8 14. b4 Rc8 15. a4 Qb6 16. Be3 Qc7 17. Nde2 bxa4 18. Rxa4 Nb6 19. Bxb6 Qxb6 20. b5 a5 21. Rea1 Ra8 22. Qe3 Qxe3 23. fxe3 Nd7 24. Rxa5 Nc5 25. Rxa8 Bxa8 26. Ra3 Rc8 27. g4 Be5 28. Nd5 Bxd5 29. exd5 Rb8 30. c4 Rc8 31. Bc2 Rb8 32. Nd4 e6 33. Nc6 Rb6 34. Nxe5 dxe5 35. e4 exd5 36. exd5 e4 37. Re3 f5 38. gxf5 gxf5 39. Rg3+ Kf7 40. Kf2 Rf6 41. Bd1 Kf8 42. h4 h6 43. h5 Kf7 44. Be2 Kf8 45. Rg6 Kf7 46. Rxf6+ Kxf6 47. Ke3 Ke5 48. b6 f4+ 49. Kd2 Kd4 50. d6 f3 51. Bf1 e3+ 52. Kd1 e2+ 53. Bxe2 fxe2+ 54. Kxe2 Kxc4 55. Kf3 Kd5 56. Kg4 Ke6 57. d7 Nxd7 58. b7 Nb8 59. Kf4 Kf6 60. Kg4 Ke5 61. Kh4 Kf4 62. Kh3 Kg5 63. Kg3 Kxh5 64. Kh3 Kg5 65. Kg3 1/2-1/2